Normal view MARC view
  • Educación de adultos

Entry Materia

Number of records used in: 2

001 - NÚMERO DE CONTROL DEL REGISTRO

  • campo de control: 16197

003 - IDENTIFICADOR DE NUMERO DE CONTROL

  • campo de control: UPN

005 - FECHA Y HORA DE LA ÚLTIMA TRANSACCIÓN

  • campo de control: 20241014112626.0

008 - DATOS DE LONGITUD FIJA

  • campo de control de longitud fija: 241014dn ednnnaabn b ana |d

035 ## - NÚMERO DE CONTROL DEL SISTEMA

  • Número de control del sistema: UPN10000016205

040 ## - FUENTE DE LA CATALOGACIÓN

  • Lengua de catalogación: SPA
  • Agencia de transcripción: UPN
  • Centro catalogador de origen: MX-MxUPN

150 ## - ENCABEZAMIENTO - TEMÁTICO

  • Término de materia o nombre geográfico como elemento inicial: Educación de adultos
  • Subdivisión geográfica: Venezuela

670 ## - FUENTE EN LA QUE SE LOCALIZARON DATOS

  • Cita de la fuente: Escamilla González, G. Lisrta de encabezamienrtos de materia, 1978
  • Información localizada: página 293(Educación de adultos - Hispanoamérica?

902 ## - CATALOGADOR

  • Catalogador: MMA/110996
  • Catalogador: VístorGodínez/14]1024